000 00655nam a2200253Ia 4500
003 OSt
005 20221005054726.0
006 a|||||r|||| 00| 0
007 ta
008 221004b |||||||| |||| 00| 0 eng d
024 _a65631
037 _cTextual
040 _aCRL
_cCRL
_beng
041 _2eng
_aeng
082 _aV5.N18<-M48, L8
100 _aCook Chris
245 0 _aEuropean political facts 1848-1918
260 _aLondon
_bMacmillan
_c1978
300 _a342p.
_ccm.
650 _aHISTORY
700 _a Paxton John
942 _hV5.N18<-M48, L8
_cTEXL
_2cc
999 _c963925
_d963925